| 000 | 00326nam a2200109 4500 | ||
|---|---|---|---|
| 999 |
_c14035 _d14035 |
||
| 008 | 190730b ||||| |||| 00| 0 eng d | ||
| 245 | _aSmoking strong pot daily raises psychosis risk, study finds. | ||
| 260 |
_aPhilippines: _bThe Philippine Star; _cc2019. |
||
| 300 | _apage 15. | ||
| 650 | 0 |
_939029 _aSmoking. |
|
| 942 |
_2ddc _cPER |
||